<?xml version="1.0" encoding="UTF-8"?><?xml-stylesheet type="text/xsl" href="static/style.xsl"?><OAI-PMH xmlns="http://www.openarchives.org/OAI/2.0/" xmlns:xsi="http://www.w3.org/2001/XMLSchema-instance" xsi:schemaLocation="http://www.openarchives.org/OAI/2.0/ http://www.openarchives.org/OAI/2.0/OAI-PMH.xsd"><responseDate>2026-04-13T12:35:29Z</responseDate><request verb="GetRecord" identifier="oai:www.recercat.cat:2445/121971" metadataPrefix="marc">https://recercat.cat/oai/request</request><GetRecord><record><header><identifier>oai:recercat.cat:2445/121971</identifier><datestamp>2025-12-04T20:41:40Z</datestamp><setSpec>com_2072_1057</setSpec><setSpec>col_2072_478822</setSpec><setSpec>col_2072_478905</setSpec><setSpec>col_2072_478917</setSpec></header><metadata><record xmlns="http://www.loc.gov/MARC21/slim" xmlns:dcterms="http://purl.org/dc/terms/" xmlns:xsi="http://www.w3.org/2001/XMLSchema-instance" xmlns:doc="http://www.lyncode.com/xoai" xsi:schemaLocation="http://www.loc.gov/MARC21/slim http://www.loc.gov/standards/marcxml/schema/MARC21slim.xsd">
   <leader>00925njm 22002777a 4500</leader>
   <datafield ind2=" " ind1=" " tag="042">
      <subfield code="a">dc</subfield>
   </datafield>
   <datafield ind2=" " ind1=" " tag="720">
      <subfield code="a">Valmianski, I.</subfield>
      <subfield code="e">author</subfield>
   </datafield>
   <datafield ind2=" " ind1=" " tag="720">
      <subfield code="a">Gabriel Ramirez, Juan</subfield>
      <subfield code="e">author</subfield>
   </datafield>
   <datafield ind2=" " ind1=" " tag="720">
      <subfield code="a">Urban, C.</subfield>
      <subfield code="e">author</subfield>
   </datafield>
   <datafield ind2=" " ind1=" " tag="720">
      <subfield code="a">Batlle Gelabert, Xavier</subfield>
      <subfield code="e">author</subfield>
   </datafield>
   <datafield ind2=" " ind1=" " tag="720">
      <subfield code="a">Schuller, Ivan K.</subfield>
      <subfield code="e">author</subfield>
   </datafield>
   <datafield ind2=" " ind1=" " tag="260">
      <subfield code="c">2018-04-30T13:17:31Z</subfield>
   </datafield>
   <datafield ind2=" " ind1=" " tag="260">
      <subfield code="c">2018-04-30T13:17:31Z</subfield>
   </datafield>
   <datafield ind2=" " ind1=" " tag="260">
      <subfield code="c">2017-04-18</subfield>
   </datafield>
   <datafield ind2=" " ind1=" " tag="260">
      <subfield code="c">2018-04-30T13:17:31Z</subfield>
   </datafield>
   <datafield ind2=" " ind1=" " tag="520">
      <subfield code="a">We found atypical pressure dependence in the transport measurements of the metal to insulator transition (MIT) in epitaxial thin films of vanadium sesquioxide (V2O3). Three different crystallographic orientations and four thicknesses, ranging from 40 to 500 nm, were examined under hydrostatic pressures (P-h) of up to 1.5 GPa. All of the films at transition exhibited a four order of magnitude resistance change, with transition temperatures ranging from 140 to 165 K, depending on the orientation. This allowed us to build pressure-temperature phase diagrams of several orientations and film thicknesses. Interestingly, for pressures below 500 MPa, all samples deviate from bulk behavior and show a weak transition temperature (T-c) pressure dependence (dT(c)/dP(h) = 1.2 x 10(-2) +/- 0.3 x 10(-2) K/MPa), which recovers to bulklike behavior (3.9 x 10(-2) +/- 0.3 x 10(-2) K/MPa) at higher pressures. Furthermore, we found that pressurization leads to morphological but not structural changes in the films. This indicates that the difference in the thin film and bulk pressure-temperature phase diagrams is most probably due to pressure-induced grain boundary relaxation, as well as both plastic and elastic deformations in the film microstructure. These results highlight the difference between bulk and thin films behaviors.</subfield>
   </datafield>
   <datafield tag="653" ind2=" " ind1=" ">
      <subfield code="a">Propietats elèctriques</subfield>
   </datafield>
   <datafield tag="653" ind2=" " ind1=" ">
      <subfield code="a">Matèria condensada</subfield>
   </datafield>
   <datafield tag="653" ind2=" " ind1=" ">
      <subfield code="a">Electric properties</subfield>
   </datafield>
   <datafield tag="653" ind2=" " ind1=" ">
      <subfield code="a">Condensed matter</subfield>
   </datafield>
   <datafield ind2="0" ind1="0" tag="245">
      <subfield code="a">Deviation from bulk in the pressure-temperature phase diagram of V2O3 thin films</subfield>
   </datafield>
</record></metadata></record></GetRecord></OAI-PMH>